39-高知県の市町村クイズ(1999年) - Statistics

General Stats
  • This quiz has been taken 101 times
  • The average score is 36 of 53
Answers on the Map
Answers color-coded by a green-red scale on the quiz's map according to % correct below.
 
Answer Stats
Answer % Correct
高知こうち
90%
安芸あき
88%
須崎すさき
88%
南国なんこく
88%
大川おおかわむら
85%
東洋とうようちょう
85%
土佐清水とさしみず
85%
中村なかむら
85%
室戸むろと
85%
馬路うまじむら
83%
大月おおつきちょう
83%
大豊おおとよちょう
83%
芸西げいせいむら
83%
宿毛すくも
83%
土佐とさ
83%
奈半利なはりちょう
83%
本山もとやまちょう
83%
安田やすだちょう
83%
田野たのちょう
80%
三原みはらむら
80%
檮原ゆすはらちょう
80%
土佐とさちょう
78%
北川きたがわむら
76%
伊野いのちょう
73%
佐川さかわちょう
73%
日高ひだかむら
73%
中土佐なかとさちょう
71%
赤岡あかおかちょう
66%
佐賀さがちょう
66%
越知おちちょう
63%
東津野ひがしつのむら
63%
土佐山田とさやまだちょう
61%
野市のいちちょう
61%
香我美かがみちょう
59%
香北かほくちょう
59%
窪川くぼかわちょう
56%
土佐山とさやまむら
56%
西土佐にしとさむら
56%
仁淀によどむら
56%
春野はるのちょう
56%
物部ものべそん
56%
夜須やすちょう
56%
かがみむら
54%
大正たいしょうちょう
54%
十和とおわそん
54%
葉山はやまむら
54%
大方おおがたちょう
51%
大野見おおのみそん
49%
吉川よしかわむら
49%
吾北ごほくそん
46%
吾川あがわむら
44%
本川ほんがわむら
41%
池川いけがわちょう
39%
No matching quizzes found
Score Distribution
Percent of People with Each Score
Percentile by Number Answered
Your Score History
You have not taken this quiz